Culture Générale 7 - Statistiques

Statistiques générales
  • Ce quiz a été pris 59 fois
  • Le résultat moyen est 7 sur 20
Statistiques - réponses
Hint Réponse % Correct
Personnage américain de dessin animé créé en 1945, ennemi de Titi Sylvestre le chat / Grosminet
94%
Nombre de trous sur un parcours de golf 18
74%
Sport au Boris Becker s'est illustré dans les années 80, 90 Tennis
68%
Dieu romain donnant son nom au mois de Janvier Janus
62%
Chef des Khmers Rouges Pol Pot
53%
Ville américaine détruite par un tremblement de terre en 1906 San Francisco
53%
Plus profond lac du monde Lac Baïkal
49%
Héros du Barbier de Séville Figaro
45%
Danse issu d'une musique de Jacques Offenbach apparue à Londres en 1868 French cancan
28%
Langue la plus répandu au Pérou et langue officielle de l'Empire Inca Quechua
28%
Nom de la navette spatiale qui a explosé en vol en 1986 Challenger
21%
Photo célèbre de Robert Doisneau réalisée en 1950 pour une commande de Life Le baiser de l'Hôtel de Ville
21%
Ingénieur français à l'origine du métro parisien Fulgence Bienvenüe
19%
Seule basilique "majeure" qui n'est pas situé en Italie La Basilique Saint-Pierre
15%
Nom du système de train à grande vitesse au Japon Shinkansen
9%
Prison célèbre qui se trouve à Ossining dans l'Etat de New York Sing-sing
9%
Médecin anglais qui met au point le premier vaccin contre la variole en 1796 Edward Jenner
6%
Célèbre couple new-yorkais exécuté en 1953 pour espionnage au profit de l'URSS Ethel et Julius Rosenberg
6%
Lézard semi-aquatique endémique de l'archipel des Galapagos Iguane marin
4%
Groupe armé issu du Nord du Yémen Houthis
2%
Aucun quiz correspondant
Distribution des résultats
% des personnes avec chaque résultat
Percentile par nombre de réponses
Votre historique - résultats
Vous n’avez pas pris ce quiz